Soil Enzymes Influence of Sugar Industry Effluents on Soil Enzyme Activities /

This book addresses issues arising from discharge of effluents from sugar industry on to surrounding land or into a water body such as physicochemical properties of soil, changes in the micro flora, quantification of soil enzyme activities as influenced by effluents. Disposal of effluents without ne...

Πλήρης περιγραφή

Λεπτομέρειες βιβλιογραφικής εγγραφής
Κύριοι συγγραφείς: Maddela, Naga Raju (Συγγραφέας), Golla, Narasimha (Συγγραφέας), Vengatampalli, Rangaswamy (Συγγραφέας)
Συγγραφή απο Οργανισμό/Αρχή: SpringerLink (Online service)
Μορφή: Ηλεκτρονική πηγή Ηλ. βιβλίο
Γλώσσα:English
Έκδοση: Cham : Springer International Publishing : Imprint: Springer, 2017.
Σειρά:SpringerBriefs in Environmental Science,
Θέματα:
Διαθέσιμο Online:Full Text via HEAL-Link
LEADER 03062nam a22005655i 4500
001 978-3-319-42655-6
003 DE-He213
005 20161014193504.0
007 cr nn 008mamaa
008 161014s2017 gw | s |||| 0|eng d
020 |a 9783319426556  |9 978-3-319-42655-6 
024 7 |a 10.1007/978-3-319-42655-6  |2 doi 
040 |d GrThAP 
050 4 |a QR1-502 
072 7 |a PSG  |2 bicssc 
072 7 |a SCI045000  |2 bisacsh 
082 0 4 |a 579  |2 23 
100 1 |a Maddela, Naga Raju.  |e author. 
245 1 0 |a Soil Enzymes  |h [electronic resource] :  |b Influence of Sugar Industry Effluents on Soil Enzyme Activities /  |c by Naga Raju Maddela, Narasimha Golla, Rangaswamy Vengatampalli. 
264 1 |a Cham :  |b Springer International Publishing :  |b Imprint: Springer,  |c 2017. 
300 |a VII, 51 p. 24 illus., 22 illus. in color.  |b online resource. 
336 |a text  |b txt  |2 rdacontent 
337 |a computer  |b c  |2 rdamedia 
338 |a online resource  |b cr  |2 rdacarrier 
347 |a text file  |b PDF  |2 rda 
490 1 |a SpringerBriefs in Environmental Science,  |x 2191-5547 
505 0 |a Chapter 1 Soil collection -- Chapter 2 Soil physicochemical properties -- Chapter 3 Soil microbiological properties -- Chapter 4 Soil incubation studies -- Chapter 5 Soil protease -- Chapter 6 Soil cellulose -- Chapter 7 Soil amylase -- Chapter 8 Soil invertase. 
520 |a This book addresses issues arising from discharge of effluents from sugar industry on to surrounding land or into a water body such as physicochemical properties of soil, changes in the micro flora, quantification of soil enzyme activities as influenced by effluents. Disposal of effluents without neutralization has become general practice. These effluents are chemically heterogeneous, contain organic and inorganic pollutants including, sugar baggage, molasses, carbonates, bicarbonates. The impact of sugar industry effluents on microbial activities in terrestrial ecosystem is scanty. There is also significant interest in the study of soil enzymes because such effect reflects the potential capacity of a soil to perform certain biological transformation of soil fertility. 
650 0 |a Life sciences. 
650 0 |a Microbiology. 
650 0 |a Environmental management. 
650 0 |a Soil science. 
650 0 |a Soil conservation. 
650 0 |a Pollution prevention. 
650 0 |a Environmental pollution. 
650 1 4 |a Life Sciences. 
650 2 4 |a Microbiology. 
650 2 4 |a Soil Science & Conservation. 
650 2 4 |a Industrial Pollution Prevention. 
650 2 4 |a Terrestrial Pollution. 
650 2 4 |a Environmental Management. 
700 1 |a Golla, Narasimha.  |e author. 
700 1 |a Vengatampalli, Rangaswamy.  |e author. 
710 2 |a SpringerLink (Online service) 
773 0 |t Springer eBooks 
776 0 8 |i Printed edition:  |z 9783319426549 
830 0 |a SpringerBriefs in Environmental Science,  |x 2191-5547 
856 4 0 |u http://dx.doi.org/10.1007/978-3-319-42655-6  |z Full Text via HEAL-Link 
912 |a ZDB-2-EES 
950 |a Earth and Environmental Science (Springer-11646)